000 01055nam2a2200253 4500
001 RU\NLR\BIBL_A\012475488
005 20210414142734.0
010 _a978-5-00150-986-8
_960
021 _aRU
_bКН-П-20-067798
_9КН-П-20-5096
035 _a(NLR Aleph) 012475488
090 _a12102011
_c12102011
100 _a20210315d2020 u y0rusy50 ca
101 0 _arus
102 _aRU
105 _aa|||z|||000ay
200 0 _a[Кн. 1]
210 _d2020
215 _a246, [1] с.
_cил.
461 0 _1001RU\NLR\BIBL_A\012475484
_12001#$aВ стремлении - жить!$eосновано на реальных событиях$fА.И. Полишко$vКн. 1
_1700#1$aПолишко$bА. И.
_912101991
_aПолишко, А. И.
_cМосква
_d2020
_fА.И. Полишко
_nПеро
_oосновано на реальных событиях
_tВ стремлении - жить!
_vКн. 1
942 _cBOOK
980 _aNBR
980 _aNB